10 stanów USA z najmniejszą ilością imigrantów - Statystyki

Ogólne statystyki
  • Ten quiz został rozwiązany 90 razy
    77 od ostatniego zresetowania
  • Średni wynik to 5 z 10
Statystyki odpowiedzi
% Stan % Poprawnych
2,2 Montana
72%
4,5 Vermont
68%
4 Dakota Północna
67%
4,3 Dakota Południowa
67%
3,8 Maine
64%
4 Alabama
48%
3,6 Wyoming
45%
2,6 Mississippi
36%
4,5 Kentucky
32%
1,8 Wirginia Zachodnia
17%
Nie znaleziono quizów pasujących do podanych kryteriów
Rozkład punktacji
Procent ludzi z każdym wynikiem
Percentyl według liczby udzielonych odpowiedzi
Twoja historia wyników
Nie rozwiązałeś tego quizu od ostatniego zresetowania